000170404 001__ 170404
000170404 005__ 20260420103354.0
000170404 0247_ $$2doi$$a10.20318/cdt.2026.10265
000170404 0248_ $$2sideral$$a148951
000170404 037__ $$aART-2026-148951
000170404 041__ $$aspa
000170404 100__ $$0(orcid)0000-0002-7894-826X$$aCisneros Cristóbal, Paula
000170404 245__ $$aLa reparación civil transnacional de las víctimas de crímenes internacionales
000170404 260__ $$c2026
000170404 5060_ $$aAccess copy available to the general public$$fUnrestricted
000170404 5203_ $$aCon motivo del trigésimo aniversario del genocidio de Srebrenica (1995-2025), este artículo analiza el caso Mothers of Srebrenica como ejemplo de reparación civil transnacional ante la escasez de mecanismos internacionales verdaderamente eficaces para ofrecer una compensación a las víctimas de crímenes internacionales. Se examinan los límites del sistema internacional de responsabilidad y la posibilidad de reparación individual, estudiando el procedimiento seguido ante los tribunales neerlandeses. Se analizan los criterios de atribución de conducta, el control efectivo y la delimitación de la responsabilidad civil parcial de Países Bajos. Finalmente, el artículo valora el alcance y las limitaciones del proceso civil nacional como vía complementaria de acceso a la justicia en contextos de crímenes internacionales.
000170404 540__ $$9info:eu-repo/semantics/openAccess$$aby-nc-nd$$uhttps://creativecommons.org/licenses/by-nc-nd/4.0/deed.es
000170404 655_4 $$ainfo:eu-repo/semantics/article$$vinfo:eu-repo/semantics/publishedVersion
000170404 773__ $$g18, 1 (2026), 132-153$$pCuad. derecho transnac.$$tCuadernos de derecho transnacional$$x1989-4570
000170404 8564_ $$s428171$$uhttps://zaguan.unizar.es/record/170404/files/texto_completo.pdf$$yVersión publicada
000170404 8564_ $$s2154197$$uhttps://zaguan.unizar.es/record/170404/files/texto_completo.jpg?subformat=icon$$xicon$$yVersión publicada
000170404 909CO $$ooai:zaguan.unizar.es:170404$$particulos$$pdriver
000170404 951__ $$a2026-04-18-10:48:56
000170404 980__ $$aARTICLE